Paroles - Djadja Aya Nakamura - Statistiques

Statistiques générales
  • Ce quiz a été pris 1 699 fois
  • Le résultat moyen est 280 sur 350
Statistiques - réponses
Hint Réponse % Correct
a
97%
à
97%
pas
96%
djadja
95%
oh
94%
Oh
94%
Y
94%
y
94%
ca
93%
ça
93%
de
93%
Tu
92%
tu
92%
moyen
91%
ta
91%
en
88%
je
88%
R
87%
baby
86%
dead
86%
catin
85%
moi
85%
j'suis
84%
J'suis
84%
le
82%
sur
82%
comme
81%
mais
81%
la
79%
genre
76%
les
76%
c'est
75%
C'est
75%
comment
75%
faire
74%
qu'on
74%
t'es
74%
des
73%
j'te
73%
mon
72%
parles
72%
catchana
71%
va
71%
est
70%
se
70%
dans
68%
fait
68%
monde
68%
pense
68%
qué
68%
taré
68%
après
67%
encore
67%
quoi
67%
ton
67%
bails
66%
cours
66%
croyais
66%
lit
66%
morale
66%
ou
66%
plus
66%
choses
65%
délire
65%
jamais
65%
j'entends
65%
me
65%
daronne
64%
l'argent
64%
m'as
64%
parait
64%
pasa
64%
déconnes
63%
putain
63%
Putain
63%
rumeurs
63%
atroces
62%
d'après
62%
savais
62%
voulais
62%
Craches
61%
finiras
60%
t'afficher
60%
m'avoir
59%
aux
58%
c'qui
57%
enfers
57%
papi
57%
penses
57%
un
57%
J'pourrais
55%
jouais
54%
nakamura
54%
pour
54%
ferais
53%
verrait
53%
rôle
52%
ouais
51%
frère
49%
grand
49%
tipeu
49%
1 hello
48%
exprès
47%
l'ai
47%
salir
47%
on
46%
sans
46%
eue
44%
jour
41%
problèmes
41%
faut
40%
t'façon
40%
cherches
39%
croise
37%
non
33%
couchée
29%
toi
24%
yeah
20%
tchouffer
17%
Aucun quiz correspondant
Distribution des résultats
% des personnes avec chaque résultat
Percentile par nombre de réponses
Votre historique - résultats
Vous n’avez pas pris ce quiz